| Tag |
First Indicator |
Second Indicator |
Subfields |
| LEADER |
00000cam a2200000Ia 4500 |
| 001 |
in00001699430 |
| 005 |
20151024155850.0 |
| 008 |
020806s2002 vaub b 000 0 eng d |
| 035 |
|
|
|a (OCoLC)ocm50304413
|
| 040 |
|
|
|a AWC
|c AWC
|d TXA
|d UtOrBLW
|
| 049 |
|
|
|a TXAM
|
| 090 |
|
|
|a E183.8.I72
|b A84 2002
|
| 100 |
1 |
|
|a Atkeson, Edward B.
|
| 245 |
1 |
4 |
|a The challenge of Iraq /
|c by Edward B. Atkeson and Steven Mullen.
|
| 264 |
|
1 |
|a Arlington, Va. :
|b Institute of Land Warfare, Association of the United States Army,
|c [2002]
|
| 300 |
|
|
|a 12 pages :
|b map ;
|c 28 cm.
|
| 336 |
|
|
|a text
|b txt
|2 rdacontent
|
| 337 |
|
|
|a unmediated
|b n
|2 rdamedia
|
| 338 |
|
|
|a volume
|b nc
|2 rdacarrier
|
| 490 |
1 |
|
|a Landpower essay series ;
|v 02-2
|
| 500 |
|
|
|a Caption title.
|
| 500 |
|
|
|a "June 2002."
|
| 504 |
|
|
|a Includes bibliographical references.
|
| 651 |
|
0 |
|a United States
|x Military relations
|z Iraq.
|
| 651 |
|
0 |
|a Iraq
|x Military relations
|z United States.
|
| 650 |
|
0 |
|a Weapons of mass destruction
|z Iraq.
|
| 651 |
|
0 |
|a Iraq
|x Strategic aspects.
|
| 700 |
1 |
|
|a Mullen, Steven.
|
| 710 |
2 |
|
|a Institute of Land Warfare (Association of the United States Army)
|
| 830 |
|
0 |
|a Landpower essay series ;
|v 02-2.
|
| 994 |
|
|
|a E0
|b TXA
|
| 948 |
|
|
|a cataloged
|b h
|c 2002/10/2
|d c
|e mzajicek
|f 3:50:14 pm
|
| 999 |
|
|
|a MARS
|
| 999 |
f |
f |
|s 472b15a2-6aea-3722-a8bf-63f9c334c71d
|i 97a8cb7e-a1fc-3970-bd11-65602f988edc
|t 0
|
| 952 |
f |
f |
|p noncirc
|a Texas A&M University
|b College Station
|c Cushing Memorial Library & Archives
|d Cushing: Ragan Military (Does not check out)
|t 0
|e E183.8.I72 A84 2002
|f Vertical File
|h Library of Congress classification
|i unmediated -- volume
|
| 998 |
f |
f |
|a E183.8.I72 A84 2002
|t 0
|l Cushing: Ragan Military (Does not check out)
|